Introductory Sociology and Anthropology (Record no. 18552)
[ view plain ]
| 000 -LEADER | |
|---|---|
| fixed length control field | 00611nam a22002177a 4500 |
| 003 - CONTROL NUMBER IDENTIFIER | |
| control field | OSt |
| 005 - DATE AND TIME OF LATEST TRANSACTION | |
| control field | 20140310183042.0 |
| 008 - FIXED-LENGTH DATA ELEMENTS--GENERAL INFORMATION | |
| fixed length control field | 130223t xxu||||| |||| 00| 0 eng d |
| 020 ## - INTERNATIONAL STANDARD BOOK NUMBER | |
| International Standard Book Number | 9712333353 |
| 050 ## - LIBRARY OF CONGRESS CALL NUMBER | |
| Classification number | HM571 |
| Item number | .J41 202 |
| 082 ## - DEWEY DECIMAL CLASSIFICATION NUMBER | |
| Classification number | FIL 301 |
| Item number | J32 2002 |
| 245 ## - TITLE STATEMENT | |
| Title | Introductory Sociology and Anthropology |
| Statement of responsibility, etc | Javier, Jessie D.,Costales, Rodrigo D., Rivas, Dionesio C. |
| Remainder of title | A Pedagogy |
| 260 ## - PUBLICATION, DISTRIBUTION, ETC. (IMPRINT) | |
| Place of publication, distribution, etc | Manila |
| Name of publisher, distributor, etc | Rex Book Store |
| Date of publication, distribution, etc | 2002 |
| 300 ## - PHYSICAL DESCRIPTION | |
| Extent | 491 p. |
| Dimensions | 23 cm. |
| 521 ## - TARGET AUDIENCE NOTE | |
| Target audience note | |
| 526 ## - STUDY PROGRAM INFORMATION NOTE | |
| Reading level | 1210L-1700L |
| 541 ## - IMMEDIATE SOURCE OF ACQUISITION NOTE | |
| -- | 1 |
| 541 ## - IMMEDIATE SOURCE OF ACQUISITION NOTE | |
| -- | 2 |
| 562 ## - COPY AND VERSION IDENTIFICATION NOTE | |
| Number of copies | 2 |
| 942 ## - ADDED ENTRY ELEMENTS (KOHA) | |
| Source of classification or shelving scheme | Library of Congress Classification |
| Koha item type | Books |
| Call number prefix | Filipininana |
| Withdrawn status | Lost status | Source of classification or shelving scheme | Damaged status | Home library | Current library | Shelving location | Date acquired | Total Checkouts | Full call number | Barcode | Date last seen | Date checked out | Copy number | Price effective from | Koha item type |
|---|---|---|---|---|---|---|---|---|---|---|---|---|---|---|---|
| Library of Congress Classification | College Library | College Library | Filipiniana Section | 02/23/2013 | 1 | HM571 .J41 2002 | c5529 | 05/08/2018 | 03/17/2017 | 1 | 02/23/2013 | Books | |||
| Library of Congress Classification | College Library | College Library | Filipiniana Section | 04/16/2013 | HM571 .J41 2002 | c14109 | 05/08/2018 | 2 | 04/16/2013 | Books |